000 00403 a2200169 4500
001 69563
020 _a8532201342
040 _cAnchieta - Itaigara
100 _aBandeira, Pedro
240 1 0 _aA menor fazedora de mágicas do mundo
_lpor
245 1 0 _aA menor fazedora de mágicas do mundo
300 _a23
362 0 _a1998
440 1 _aFTD
650 4 _aLiteratura infanto-juvenil
942 _cBK
999 _c69563
_d69563